| 000 | 00356pab a2200157 454500 | ||
|---|---|---|---|
| 008 | 180718b1997 xxu||||| |||| 00| 0 eng d | ||
| 100 | _aBhandari, Arvind | ||
| 245 | _aPaying for the polls | ||
| 260 | _c1997 | ||
| 300 | _ap.13 | ||
| 362 | _a18 Jan | ||
| 650 | _aElections - India | ||
| 650 | _aElections | ||
| 773 | _aHindustan Times | ||
| 909 | _a34385 | ||
| 999 |
_c34385 _d34385 |
||